Missing Word: Declaration of Independence Quiz Stats

 Plays Quiz Updated Jul 4, 2018

Challenge
Share
Tweet
Embed
Score 0/40 Timer 06:00
1 Play Today
Declaration line Missing word % Correct
that all ___ are created equal,men
89.8%
We hold these ______ to be self-evident,truths
87.4%
that among these are ____, Liberty and the pursuit of Happiness.Life
83.3%
that they are endowed by their _______Creator
78.8%
with _______ unalienable Rights,certain
73.2%
When in the Course of _____ events,human
72.3%
it becomes _____ for one people to dissolvenecessary
68.9%
deriving their ____ powers just
47.2%
from the _______ of the governed,consent
44.7%
the separate and _____ station to whichequal
44.4%
___________ are instituted among Men,Governments
43.8%
That to ______ these rights,secure
43.3%
the Laws of _____ and of Nature's God entitle them,Nature
38.7%
it is the Right of the People to alter or to _____ it,abolish
37.4%
it is _____ right,their
33.8%
it is their ____,duty
30.4%
That whenever any Form of Government becomes ___________ of these ends,destructive
29.6%
The unanimous Declaration of the _____ united States of America,thirteen
27.1%
and to institute new Government, ______ its foundation on such principleslaying
26.5%
and organizing its ______ in such form,powers
25.6%
Declaration line Missing word % Correct
Prudence, indeed, will _______dictate
25.3%
as to them shall seem most likely to effect their ______ and Happiness.Safety
24.2%
to _____ off such Government,throw
23.1%
and to assume among the powers of the _____,earth
22.4%
that Governments ____ establishedlong
22.4%
the political bands which have _____ them with another,connected
21.1%
for light and _________ causes;transient
20.4%
are more disposed to ______,suffer
19.3%
should not be ________changed
19.2%
and accordingly all experience hath shewn, that _______ mankind
18.9%
But when a long train of _______ and usurpations,abuses
18.1%
while _____ are sufferable,evils
16.7%
under ________ Despotism,absolute
16.3%
for their ______ security.future
16%
than to right themselves by abolishing the _____ to which they are accustomed.forms
15.8%
that they should declare the causes which impel them to the _____.separation
15.4%
pursuing invariably the same ______Object
14.5%
evinces a _______ to reduce themdesign
13.3%
and to provide new ______ Guards
12.8%
a decent respect to the _____ of mankind requiresopinions
12.1%

Today's Daily Dose

Word Ladder
Aquatic Life

On This Day
August 21st II

You're not logged in!

Compare scores with friends on all Sporcle quizzes.
Join for Free
OR
Log In

You Might Also Like...

Show Comments

Extras

Top Quizzes Today


Score Distribution

Your Account Isn't Verified!

In order to create a playlist on Sporcle, you need to verify the email address you used during registration. Go to your Sporcle Settings to finish the process.

Report this User

Report this user for behavior that violates our Community Guidelines.

Details: